000 00297nam a22001337a 4500
020 _a978-81-8295-151-8
082 _a494
_bCBSE/H
245 _aACTIVITY ORIENTED V. GUIDE
250 _aFIRST
260 _aKOTTAYAM
_bV.PUBLISHERS
_c2009
300 _a371
650 _aV.GUIDE
_zKERALA
942 _cBK
999 _c4352
_d4352